000 00760nam a22002417a 4500
003 UA-OsUOA
001 47532
007 ta
008 20120625b un ||||| |||| 00| 0 ukr d
100 _aМушинка О.
090 _a82-92
_bМ93
942 _cBR
040 _aUA-OsUOA
_bukr
_cUA-OsUOA
_dUA-OsUOA
245 _aІнтерв'ю з Павлом Робертом Магочім
300 _a22 с.
955 _a1
041 _aukr
080 _a82-92
260 _bКарпатсько-Руський Дослідний Центр
_c1993
650 7 _a82 Література. Літературознавство
_2UDC
999 _c427624
_d427624